000 00787nam a2200265 i 4500
003 DO-SdBNP
005 20230719090436.0
007 ta
008 111115s1983 dr cd 000 0 dr d
040 _aDO-SdBNP
_bspa
_cBNPHU
_erda
082 4 _222
100 _aRodríguez, Arismendy,
_961816
_eautor
245 1 0 _aFundamentos de fisica /
_cArismendy Rodríguez, Luisa Mera.
250 _a3a ed.
264 1 _aSanto Domingo :
_bPolitecnía,
_c1983.
300 _a334 páginas :
_bretratos, gráficos ;
_c21 cm.
336 _2rdacontent
_atexto
_btxt
337 _2rdamedia
_asin mediación
_bn
338 _2rdacarrier
_avolumen
_bnc
504 _aBibliografía : p. 334
590 _aInventariado, 2023/BT
700 1 _aMera, Luisa
_961817
910 _aBtavárez
942 _2ddc
_cLBS1
999 _c54200
_d54200